[Event "St.Petersburg Rapid 2014"]
[Site "St Petersburg RUS"]
[Date "2014.08.30"]
[Round "2.12"]
[White "Bivol, Alina"]
[Black "Timofeev, Artyom"]
[Result "0-1"]
[WhiteTitle "WIM"]
[BlackTitle "GM"]
[WhiteElo "2228"]
[BlackElo "2601"]
[WhiteFideId "4100123"]
[BlackFideId "4140419"]
[EventDate "2014.08.30"]

1. e4 e6 2. d4 d5 3. exd5 exd5 4. c4 Nf6 5. Nc3 Be7 6. Nf3 O-O 7. Be2 dxc4 8.
Bxc4 Bg4 9. O-O Nbd7 10. h3 Bh5 11. g4 Bg6 12. Ne5 Nb6 13. Bb3 a5 14. f4 a4 15.
Nxa4 Nxa4 16. Bxa4 Be4 17. Bb3 Bd5 18. Be3 c6 19. Bc2 Re8 20. Qd3 Be4 21. Qb3
Bd5 22. Qd3 Bf8 23. a3 Qc7 24. Rae1 Be4 25. Qb3 Bxc2 26. Qxc2 Nd5 27. Bc1 Rad8
28. b4 f6 29. Nd3 Qf7 30. Qf2 Bd6 31. Rxe8+ Rxe8 32. Re1 b5 33. Bd2 h5 34. Qf3
hxg4 35. hxg4 Bc7 36. Kg2 Bb6 37. Re4 Re7 38. Be1 Ra7 39. Nf2 Rd7 40. Qe2 Kf8
41. Bd2 Ne7 42. Bc3 Qb3 43. Qb2 Qd5 44. Kg3 Bc7 45. Kf3 Nc8 46. Ke2 Nd6 47. Re3
Nc4 48. Qc1 Nxe3 49. Kxe3 Bxf4+ 0-1

[Event "St.Petersburg Rapid 2014"]
[Site "St Petersburg RUS"]
[Date "2014.08.30"]
[Round "3.1"]
[White "Bocharov, Ivan"]
[Black "Morozevich, Alexander"]
[Result "0-1"]
[WhiteTitle "FM"]
[BlackTitle "GM"]
[WhiteElo "2467"]
[BlackElo "2731"]
[WhiteFideId "4180887"]
[BlackFideId "4116992"]
[EventDate "2014.08.30"]

1. f4 d5 2. Nf3 g6 3. g3 Bg7 4. Bg2 Nf6 5. O-O O-O 6. d3 c6 7. c3 Nbd7 8. Na3
Re8 9. d4 Ne4 10. Nc2 Ndf6 11. Ne5 Nd6 12. Nb4 Bf5 13. Nbd3 Qc8 14. Re1 h5 15.
b3 h4 16. gxh4 Bh3 17. Bf3 Nfe4 18. Nf2 Nxf2 19. Kxf2 Bf6 20. h5 Bh4+ 21. Ke3 c5
22. Bb2 Qf5 23. Qd3 cxd4+ 24. cxd4 Ne4 25. Bxe4 dxe4 26. Qxe4 Bf2+ 27. Kd3 Bxe1
28. Rxe1 Qxh5 29. Kd2 Rac8 30. Bc3 Rc7 31. Rg1 Bf5 32. Qd5 e6 33. Qd6 Rec8 34.
Nc4 b5 35. d5 bxc4 36. Qe5 f6 37. Qxf6 cxb3 38. Rg5 Qh7 39. Be5 Rf7 0-1

[Event "St.Petersburg Rapid 2014"]
[Site "St Petersburg RUS"]
[Date "2014.08.30"]
[Round "3.2"]
[White "Kovalenko, Igor"]
[Black "Alekseenko, Kirill"]
[Result "1/2-1/2"]
[WhiteTitle "GM"]
[BlackTitle "FM"]
[WhiteElo "2650"]
[BlackElo "2480"]
[WhiteFideId "14117908"]
[BlackFideId "4135539"]
[EventDate "2014.08.30"]

1. d4 d5 2. c4 dxc4 3. e4 Nf6 4. e5 Nd5 5. Bxc4 Nb6 6. Bd3 Nc6 7. Be3 Nb4 8. Be4
f5 9. a3 N4d5 10. Bxd5 Nxd5 11. Ne2 Be6 12. O-O c6 13. Nbc3 g6 14. Qd2 Bg7 15.
Bh6 Bxh6 16. Qxh6 Nxc3 17. bxc3 Bc4 18. Qg7 Rg8 19. Qxh7 Qa5 20. Rfc1 O-O-O 21.
Nf4 e6 22. Rab1 Qc7 23. Qxc7+ Kxc7 24. h4 a5 25. f3 Rh8 26. g3 Rdg8 27. Kg2 b5
28. Rh1 Rh7 29. Kf2 Rd7 30. Ke3 c5 31. dxc5 Rgd8 32. Nxg6 Rd3+ 33. Kf4 Rxc3 34.
h5 Be2 35. Kg5 Bxf3 36. Rhc1 Rxa3 37. Rxb5 Be2 38. Rb6 Rxg3+ 39. Kf6 Bxh5 40.
Nf4 Rf8+ 41. Kxe6 Bf3 42. Ke7 Rh8 43. Ne6+ Kc8 44. Rcb1 Rh7+ 45. Kf6 Rh6+ 46.
Kxf5 Rh4 47. Rb8+ Kd7 48. Nf8+ Kc7 49. R1b6 Be4+ 50. Kf6 Rf4+ 51. Ke6 Rg8 52.
Nd7 Bf5+ 53. Kd5 Be4+ 54. Ke6 Bf5+ 55. Kf7 Bh7+ 56. Ke6 Bf5+ 57. Kf7 Bh7+ 58.
Nf6 Rxb8 59. e6 Bc2 60. e7 Ba4 61. Ra6 Be8+ 62. Ke6 Rxf6+ 63. Kxf6 a4 64. Ke5
Rb1 65. Kd4 Re1 66. Kd5 Kb7 67. Rb6+ Kc8 68. Kd6 Bf7 69. c6 Re6+ 70. Kc5 Rxe7
71. Ra6 Be8 72. Kd6 Bxc6 73. Kxe7 Kb7 74. Rxa4 1/2-1/2

[Event "St.Petersburg Rapid 2014"]
[Site "St Petersburg RUS"]
[Date "2014.08.30"]
[Round "3.3"]
[White "Matinian, Nikita"]
[Black "Khairullin, Ildar"]
[Result "1/2-1/2"]
[WhiteTitle "IM"]
[BlackTitle "GM"]
[WhiteElo "2469"]
[BlackElo "2638"]
[WhiteFideId "24129100"]
[BlackFideId "4151348"]
[EventDate "2014.08.30"]

1. d4 d5 2. c4 c6 3. Nf3 Nf6 4. e3 Bf5 5. Nc3 e6 6. Qb3 Qc7 7. Bd2 Nbd7 8. Nh4
Bg6 9. Nxg6 hxg6 10. h3 Be7 11. Bd3 Nb6 12. cxd5 exd5 13. Rc1 Qd7 14. a4 Nc8 15.
f3 O-O 16. O-O Bd8 17. Rc2 Re8 18. Nd1 Nd6 19. g4 Nh7 20. Be1 Ng5 1/2-1/2

[Event "St.Petersburg Rapid 2014"]
[Site "St Petersburg RUS"]
[Date "2014.08.30"]
[Round "3.4"]
[White "Vitiugov, Nikita"]
[Black "Simonian, Hrair"]
[Result "1-0"]
[WhiteTitle "GM"]
[BlackTitle "GM"]
[WhiteElo "2742"]
[BlackElo "2445"]
[WhiteFideId "4152956"]
[BlackFideId "13302337"]
[EventDate "2014.08.30"]

1. d4 Nf6 2. c4 e6 3. Nc3 d5 4. cxd5 Nxd5 5. e4 Nxc3 6. bxc3 c5 7. Rb1 cxd4 8.
cxd4 Nc6 9. Bb5 Bd7 10. Nf3 Bb4+ 11. Bd2 Bxd2+ 12. Qxd2 Qa5 13. d5 exd5 14. exd5
Qxd2+ 15. Kxd2 O-O-O 16. dxc6 Bf5+ 17. Kc3 Bxb1 18. Rxb1 bxc6 19. Ba6+ Kd7 20.
Rb7+ Ke8 21. Ne5 1-0

[Event "St.Petersburg Rapid 2014"]
[Site "St Petersburg RUS"]
[Date "2014.08.30"]
[Round "3.5"]
[White "Khusenkhojaev, Muhammad"]
[Black "Dreev, Aleksey"]
[Result "1/2-1/2"]
[WhiteTitle "IM"]
[BlackTitle "GM"]
[WhiteElo "2410"]
[BlackElo "2662"]
[WhiteFideId "14700247"]
[BlackFideId "4100107"]
[EventDate "2014.08.30"]

1. Nf3 d5 2. d4 Nf6 3. c4 c6 4. Nc3 e6 5. e3 Nbd7 6. Qc2 b6 7. cxd5 cxd5 8. Bd3
Bb7 9. O-O a6 10. a4 Bd6 11. Bd2 O-O 12. Rac1 Qe7 13. Qb1 Rfc8 14. Rfd1 h6 15.
Be1 Qf8 16. h3 Rc6 17. e4 Rxc3 18. e5 Rxc1 19. Rxc1 Ne4 20. exd6 Qxd6 21. Rc2 e5
22. b4 Re8 23. Qa1 exd4 24. Qxd4 Ng5 25. Bc3 Ne6 26. Qg4 d4 27. Nxd4 Ne5 28. Nf5
Qxd3 29. Bxe5 Ng5 30. Bxg7 Qxc2 31. Bxh6 Re1+ 32. Kh2 Qc7+ 33. f4 f6 34. Bxg5
fxg5 35. Qxg5+ Kf8 36. Qh6+ Ke8 37. Qh8+ Kd7 38. Qd4+ Kc8 39. Qh8+ Kd7 40. Qg7+
Kd8 41. Qf6+ Ke8 42. Qh8+ Kd7 43. Qg7+ Kd8 44. Qf6+ Kc8 45. Qh8+ Kd7 46. Qg7+
Kd8 47. Qf6+ Ke8 48. Qh8+ Kd7 49. Qg7+ Kd8 50. Qd4+ 1/2-1/2

[Event "St.Petersburg Rapid 2014"]
[Site "St Petersburg RUS"]
[Date "2014.08.30"]
[Round "3.6"]
[White "Moiseenko, Alexander"]
[Black "Malakhov, Igor"]
[Result "0-1"]
[WhiteTitle "GM"]
[BlackTitle "IM"]
[WhiteElo "2707"]
[BlackElo "2441"]
[WhiteFideId "14102560"]
[BlackFideId "4183088"]
[EventDate "2014.08.30"]

1. d4 Nf6 2. c4 c5 3. d5 g6 4. Nc3 Bg7 5. e4 O-O 6. Bd3 d6 7. Nge2 e5 8. h3 a6
9. a4 Nbd7 10. g4 h5 11. Bg5 Qa5 12. f3 Nh7 13. Bh4 Bh6 14. gxh5 gxh5 15. Ng3
Ndf6 16. f4 Qb4 17. Nxh5 Qxb2 18. Nxf6+ Nxf6 19. O-O Qxc3 20. Bxf6 Kh7 21. Kh1
Rg8 22. Qf3 Rg6 23. fxe5 dxe5 24. Rg1 Bd7 25. Bd8 Bf4 26. Qh5+ Kg7 27. Rxg6+
fxg6 28. Rg1 Be8 29. Qh4 Rxd8 30. Be2 Bf7 31. Bh5 Rh8 32. Qg4 Qe3 0-1

[Event "St.Petersburg Rapid 2014"]
[Site "St Petersburg RUS"]
[Date "2014.08.30"]
[Round "3.7"]
[White "Vavulin, Maksim"]
[Black "Rublevsky, Sergei"]
[Result "1/2-1/2"]
[WhiteTitle "IM"]
[BlackTitle "GM"]
[WhiteElo "2425"]
[BlackElo "2698"]
[WhiteFideId "4169530"]
[BlackFideId "4115309"]
[EventDate "2014.08.30"]

1. e4 c5 2. Nf3 e6 3. b3 d6 4. Bb2 Nd7 5. d4 cxd4 6. Nxd4 Ngf6 7. Nc3 a6 8. Qe2
b5 9. g4 b4 10. Na4 Bb7 11. Bg2 Qa5 12. f4 Nc5 13. Nxc5 dxc5 14. Nf5 c4 15. Bd4
Rd8 16. g5 Nh5 17. Rf1 Nxf4 18. Rxf4 e5 19. Rf1 exd4 20. Qxc4 Rd7 21. Bh3 Rc7
22. Qxd4 Qc5 23. Qxc5 Rxc5 24. O-O-O g6 25. Ng3 Be7 26. Bd7+ Kf8 27. h4 Re5 28.
Bg4 Kg7 29. Be2 h6 30. Bc4 Rf8 31. gxh6+ Kxh6 32. Rf4 Bc5 33. Kb1 Re7 34. Bd5
Bd6 35. Rf3 Bxd5 36. exd5 Rfe8 37. Nf1 Re1 38. Rd3 R8e4 39. Kc1 Rxd1+ 40. Kxd1
Rxh4 41. Ne3 Kg7 42. Nc4 Be7 43. d6 Bf6 44. d7 Rh1+ 45. Ke2 Rh2+ 46. Kd1 Rh1+
47. Ke2 Rh2+ 48. Kd1 Rh1+ 49. Ke2 1/2-1/2

[Event "St.Petersburg Rapid 2014"]
[Site "St Petersburg RUS"]
[Date "2014.08.30"]
[Round "3.8"]
[White "Matlakov, Maxim"]
[Black "Sadovsky, Artem"]
[Result "1-0"]
[WhiteTitle "GM"]
[WhiteElo "2685"]
[BlackElo "2241"]
[WhiteFideId "4168003"]
[BlackFideId "4155840"]
[EventDate "2014.08.30"]

1. Nf3 g6 2. e4 Bg7 3. d4 d6 4. Nc3 e5 5. dxe5 dxe5 6. Qxd8+ Kxd8 7. Bc4 f6 8.
Be3 Nd7 9. O-O-O Bh6 10. Be6 Bxe3+ 11. fxe3 c6 12. Rxd7+ Bxd7 13. Rd1 Ke7 14.
Bxd7 Rd8 15. Bh3 Rxd1+ 16. Kxd1 Nh6 17. a4 Nf7 18. g3 Nd6 19. Bf1 Rd8 20. Ke1 a5
21. Nd2 h5 22. h4 Kf7 23. Ncb1 Ke7 24. Na3 Rg8 25. Nac4 g5 26. hxg5 Rxg5 27. Kf2
h4 28. gxh4 Rg4 29. Nxd6 Kxd6 30. h5 Rh4 31. Be2 Rh2+ 32. Ke1 Kc5 33. Nf1 Rh4
34. Bf3 Kb4 35. Kf2 1-0

[Event "St.Petersburg Rapid 2014"]
[Site "St Petersburg RUS"]
[Date "2014.08.30"]
[Round "3.9"]
[White "Lugovskoy, Maxim"]
[Black "Shirov, Alexei"]
[Result "0-1"]
[WhiteTitle "IM"]
[BlackTitle "GM"]
[WhiteElo "2402"]
[BlackElo "2709"]
[WhiteFideId "24126454"]
[BlackFideId "2209390"]
[EventDate "2014.08.30"]

1. e4 e5 2. Nf3 Nc6 3. Nc3 Nf6 4. d4 exd4 5. Nxd4 Bb4 6. Nxc6 bxc6 7. Bd3 d5 8.
exd5 cxd5 9. O-O O-O 10. h3 c5 11. Bg5 Be6 12. Qf3 h6 13. Bh4 Bxc3 14. bxc3 c4
15. Bxf6 Qxf6 16. Qxf6 gxf6 17. Be2 Rfb8 18. Rab1 Rb6 19. Bf3 Ra6 20. Rfd1 Rd8
21. Rb2 Ra3 22. Rb7 Rxc3 23. Rd2 Ra3 24. Bh5 d4 25. f4 f5 26. g4 c3 27. Rd3 Bc4
28. Rg3 d3 29. gxf5+ Kf8 30. Rc7 dxc2 0-1

[Event "St.Petersburg Rapid 2014"]
[Site "St Petersburg RUS"]
[Date "2014.08.30"]
[Round "3.10"]
[White "Zvjaginsev, Vadim"]
[Black "Slugin, Sergey"]
[Result "1-0"]
[WhiteTitle "GM"]
[BlackTitle "IM"]
[WhiteElo "2659"]
[BlackElo "2369"]
[WhiteFideId "4113403"]
[BlackFideId "4122569"]
[EventDate "2014.08.30"]

1. Nf3 d5 2. c4 c6 3. g3 Nf6 4. Bg2 g6 5. b3 Bg7 6. Bb2 O-O 7. O-O a5 8. Nc3 Bg4
9. Ne5 Be6 10. d4 Nbd7 11. cxd5 Nxd5 12. Nxd5 cxd5 13. Nd3 Nf6 14. Qd2 Bf5 15.
Rfc1 Bxd3 16. Qxd3 Qb6 17. Ba3 Rfe8 18. Rc5 a4 19. b4 e6 20. Rac1 Bf8 21. R5c2
Red8 22. e3 Ne8 23. Bf1 Nd6 24. b5 Nc4 25. Bxf8 Rxf8 26. Qc3 Qxb5 27. Bxc4 Qxc4
28. Qxc4 dxc4 29. Rb1 Rfc8 30. Rxb7 c3 31. Kf1 Rab8 32. Rxb8 Rxb8 33. Rxc3 Rb1+
34. Kg2 Rb2 35. Ra3 Rb4 36. f4 f5 37. Kf3 Kf7 38. h3 h6 39. g4 Kf6 40. h4 g5 41.
hxg5+ hxg5 42. gxf5 exf5 43. fxg5+ Kxg5 44. Rd3 Kf6 45. Kf4 Ke6 46. Rc3 Rb2 47.
Rc6+ Kd5 48. Rc5+ Kd6 49. Kxf5 Rxa2 50. Ra5 a3 51. Ke4 Ra1 52. Ra6+ Kc7 53. Kd5
Kb7 54. Ra4 Kb6 55. e4 Kb5 56. Ra8 Kb4 57. e5 Re1 58. e6 Kb3 59. Kd6 a2 60. e7
Re4 61. d5 1-0

[Event "St.Petersburg Rapid 2014"]
[Site "St Petersburg RUS"]
[Date "2014.08.30"]
[Round "3.11"]
[White "Timofeev, Artyom"]
[Black "Kosov, Ivan"]
[Result "1-0"]
[WhiteTitle "GM"]
[BlackTitle "IM"]
[WhiteElo "2601"]
[BlackElo "2382"]
[WhiteFideId "4140419"]
[BlackFideId "4178408"]
[EventDate "2014.08.30"]

1. c4 c5 2. Nf3 e6 3. Nc3 b6 4. g3 Bb7 5. Bg2 Nf6 6. O-O Be7 7. b3 d6 8. d3 Nbd7
9. e4 a6 10. h3 Qc7 11. Re1 Ne5 12. a3 O-O 13. Rb1 Nxf3+ 14. Bxf3 Nd7 15. Bg2
Rab8 16. f4 Ba8 17. a4 Bf6 18. Bd2 g6 19. h4 Rbe8 20. Bf3 Bd4+ 21. Kg2 f5 22. h5
Bg7 23. hxg6 hxg6 24. exf5 Bxf3+ 25. Qxf3 gxf5 26. Nd1 Nf6 27. Nf2 b5 28. Bc3 e5
29. axb5 axb5 30. cxb5 Qe7 31. fxe5 dxe5 32. Rxe5 Qd7 33. Qc6 Rc8 34. Qe6+ Qxe6
35. Rxe6 Rb8 36. b6 Rfe8 37. Rbe1 Rxe6 38. Rxe6 Nd5 39. Bxg7 Kxg7 40. Re5 Nxb6
41. Rxc5 Kf6 42. Rb5 Ke6 43. Kf3 Rb7 44. Nh3 Kd6 45. Nf4 Kc6 46. Rxf5 Nd7 47. g4
Rxb3 48. g5 Kd6 49. g6 Ne5+ 50. Ke4 Nd7 51. g7 Rb8 52. Rf7 Re8+ 53. Kf5 Rg8 54.
Nh5 1-0

[Event "St.Petersburg Rapid 2014"]
[Site "St Petersburg RUS"]
[Date "2014.08.30"]
[Round "3.12"]
[White "Solovjov, Sergey I."]
[Black "Khismatullin, Denis"]
[Result "0-1"]
[WhiteTitle "IM"]
[BlackTitle "GM"]
[WhiteElo "2367"]
[BlackElo "2681"]
[WhiteFideId "4122780"]
[BlackFideId "4142578"]
[EventDate "2014.08.30"]

1. e4 c5 2. Nf3 d6 3. d4 cxd4 4. Nxd4 Nf6 5. Nc3 a6 6. Bg5 Nbd7 7. Qd2 e6 8.
O-O-O Qc7 9. f4 Be7 10. g4 h6 11. Bxf6 Nxf6 12. Rg1 b5 13. a3 Bb7 14. Bg2 Nd7
15. Ndxb5 axb5 16. Nxb5 Qb6 17. Nxd6+ Bxd6 18. Qxd6 Qxd6 19. Rxd6 Ke7 20. e5
Bxg2 21. Rxg2 g5 22. Rgd2 Ra7 23. f5 Nxe5 24. fxe6 fxe6 25. R2d4 Nxg4 26. Rb6 h5
27. Re4 Rh6 28. Re2 Rf6 29. Rb5 Rf1+ 30. Kd2 Kf6 31. Rb6 Ne5 32. Kc3 h4 33. Kb4
g4 34. c4 g3 35. hxg3 hxg3 36. Rg2 Nd3+ 37. Kc3 Nf4 0-1

[Event "St.Petersburg Rapid 2014"]
[Site "St Petersburg RUS"]
[Date "2014.08.30"]
[Round "4.1"]
[White "Morozevich, Alexander"]
[Black "Timofeev, Artyom"]
[Result "1-0"]
[WhiteTitle "GM"]
[BlackTitle "GM"]
[WhiteElo "2731"]
[BlackElo "2601"]
[WhiteFideId "4116992"]
[BlackFideId "4140419"]
[EventDate "2014.08.30"]

1. e4 e6 2. d4 d5 3. Nc3 Nc6 4. e5 f6 5. Bb5 Bd7 6. Nf3 Qe7 7. O-O Qf7 8. Re1
Nge7 9. Bxc6 Bxc6 10. Qe2 f5 11. Nb5 Kd7 12. a4 h6 13. b4 Nc8 14. Nd6 cxd6 15.
b5 Ke8 16. bxc6 bxc6 17. Qa6 Qc7 18. Rb1 Nb6 19. a5 Qc8 20. Qxc8+ Nxc8 21. Rb7
Be7 22. a6 g5 23. Ba3 c5 24. c4 g4 25. Nd2 dxe5 26. dxc5 Bf6 27. cxd5 exd5 28.
c6 Nb6 29. Bb2 1-0

[Event "St.Petersburg Rapid 2014"]
[Site "St Petersburg RUS"]
[Date "2014.08.30"]
[Round "4.2"]
[White "Khismatullin, Denis"]
[Black "Vitiugov, Nikita"]
[Result "1/2-1/2"]
[WhiteTitle "GM"]
[BlackTitle "GM"]
[WhiteElo "2681"]
[BlackElo "2742"]
[WhiteFideId "4142578"]
[BlackFideId "4152956"]
[EventDate "2014.08.30"]

1. d4 Nf6 2. c4 e6 3. Nf3 d5 4. Nc3 Bb4 5. Qa4+ Nc6 6. Ne5 Bd7 7. Nxd7 Nxd7 8.
e3 Nb6 9. Qb3 Nxc4 10. Bxc4 dxc4 11. Qxc4 Qd5 12. Qxd5 exd5 13. Bd2 Bxc3 14.
Bxc3 Kd7 15. Ke2 h5 1/2-1/2

[Event "St.Petersburg Rapid 2014"]
[Site "St Petersburg RUS"]
[Date "2014.08.30"]
[Round "4.3"]
[White "Rodshtein, Maxim"]
[Black "Matlakov, Maxim"]
[Result "1/2-1/2"]
[WhiteTitle "GM"]
[BlackTitle "GM"]
[WhiteElo "2671"]
[BlackElo "2685"]
[WhiteFideId "2806851"]
[BlackFideId "4168003"]
[EventDate "2014.08.30"]

1. e4 c5 2. Nf3 e6 3. d4 cxd4 4. Nxd4 Nc6 5. Nc3 Qc7 6. Be2 a6 7. O-O b5 8. Nxc6
dxc6 9. a4 b4 10. Nb1 Nf6 11. Nd2 Bb7 12. Bd3 c5 13. Qe2 Bd6 14. g3 Qc6 15. f3
Bc7 16. Nc4 O-O 17. e5 Nd5 18. Bg5 f5 19. exf6 gxf6 20. Bh6 Rf7 21. Rae1 Re8 22.
Qe4 Kh8 23. Qg4 Qd7 24. Re2 f5 25. Qh4 Ne7 26. Rfe1 Ng6 27. Qh5 e5 28. Rd2 e4
29. Bf1 Qc6 30. f4 e3 31. Rxe3 Rxe3 32. Nxe3 c4 33. Nxc4 Rd7 34. Kf2 Rxd2+ 35.
Nxd2 Qxc2 36. Qe2 Bb6+ 37. Ke1 Qc1+ 38. Qd1 Qxb2 39. Be2 Qc3 40. Qb3 Qxb3 41.
Nxb3 Bd5 42. Bd1 Kg8 43. Bc2 Ne7 44. Bg5 Nc6 45. Bf6 Kf7 46. Bb2 Ke6 47. Kd2 h5
48. Ke2 Bc4+ 49. Kf3 Bd5+ 50. Ke2 Bg1 51. h3 Bg2 52. Bd3 a5 53. Bb5 Bb6 54. Kd3
Bd5 55. Nd2 Bf2 56. Nf1 b3 57. Ke2 Bd4 58. Bxc6 Bxb2 59. Bxd5+ Kxd5 60. Nd2 Bc3
61. Nxb3 Kc4 62. Nc1 Kd4 63. Kf3 Kc4 64. Ke2 Bf6 65. Nd3 Kb3 66. Nc5+ Kb4 67.
Nb7 Kxa4 68. Kf3 Kb4 69. Nxa5 Kxa5 70. g4 1/2-1/2

[Event "St.Petersburg Rapid 2014"]
[Site "St Petersburg RUS"]
[Date "2014.08.30"]
[Round "4.4"]
[White "Shirov, Alexei"]
[Black "Savchenko, Boris"]
[Result "1-0"]
[WhiteTitle "GM"]
[BlackTitle "GM"]
[WhiteElo "2709"]
[BlackElo "2596"]
[WhiteFideId "2209390"]
[BlackFideId "4147332"]
[EventDate "2014.08.30"]

1. e4 e6 2. d4 d5 3. e5 c5 4. c3 Nc6 5. Nf3 Qb6 6. a3 c4 7. Nbd2 Bd7 8. b3 cxb3
9. Nxb3 Na5 10. Nxa5 Qxa5 11. Bd2 Ne7 12. Bd3 Qc7 13. Ng5 h6 14. Nh7 Rxh7 15.
Bxh7 g6 16. h4 Bb5 17. h5 Bg7 18. hxg6 fxg6 19. Qg4 Bd3 20. Qxe6 Bf5 21. Qd6 Qc4
22. f3 Kf7 23. Kf2 Be6 24. Rh4 Re8 25. Rf4+ Nf5 26. g4 Bf8 27. gxf5 Bxd6 28.
Bxg6+ Kg7 29. Bxe8 Qd3 30. Rg1+ Kh8 31. exd6 Qxd2+ 32. Kg3 Qe3 33. Rh1 1-0

[Event "St.Petersburg Rapid 2014"]
[Site "St Petersburg RUS"]
[Date "2014.08.30"]
[Round "4.5"]
[White "Popov, Valerij"]
[Black "Zvjaginsev, Vadim"]
[Result "1/2-1/2"]
[WhiteTitle "GM"]
[BlackTitle "GM"]
[WhiteElo "2546"]
[BlackElo "2659"]
[WhiteFideId "4119410"]
[BlackFideId "4113403"]
[EventDate "2014.08.30"]

1. d4 e6 2. c4 Nf6 3. Nf3 d5 4. Qc2 c5 5. dxc5 Bxc5 6. cxd5 Bb4+ 7. Bd2 Bxd2+ 8.
Nbxd2 exd5 9. e3 O-O 10. Be2 Nc6 11. O-O d4 12. Nxd4 Nxd4 13. exd4 Qxd4 14. Bf3
Qb6 15. Qb3 Be6 16. Qxb6 axb6 17. a3 Rfd8 18. Rfd1 Rab8 19. Ne4 Nxe4 20. Bxe4
Bb3 21. Rxd8+ 1/2-1/2

[Event "St.Petersburg Rapid 2014"]
[Site "St Petersburg RUS"]
[Date "2014.08.30"]
[Round "4.6"]
[White "Malakhov, Igor"]
[Black "Kovalenko, Igor"]
[Result "0-1"]
[WhiteTitle "IM"]
[BlackTitle "GM"]
[WhiteElo "2441"]
[BlackElo "2650"]
[WhiteFideId "4183088"]
[BlackFideId "14117908"]
[EventDate "2014.08.30"]

1. e4 d5 2. exd5 Qxd5 3. Nc3 Qd6 4. d4 Nf6 5. Nf3 g6 6. g3 Bg7 7. Bg2 Qa6 8. Qe2
O-O 9. O-O Qxe2 10. Nxe2 Bf5 11. c3 Be4 12. Bf4 Nd5 13. Bd2 Nc6 14. Nf4 Nf6 15.
Rfe1 Rad8 16. Re2 e6 17. Rae1 Bd5 18. Nxd5 Nxd5 19. Ne5 Nxe5 20. dxe5 b5 21. Bg5
Rd7 22. Rd1 h6 23. Be3 c6 24. Bc5 Rfd8 25. Re4 Bf8 26. Bxf8 Kxf8 27. a4 Nb6 28.
Rxd7 Rxd7 29. Re1 Nxa4 30. Bxc6 Rd2 31. Bxb5 Nxb2 32. Kf1 Nd1 33. c4 Rxf2+ 34.
Kg1 Rd2 35. c5 Nc3 36. Bc4 Rd4 37. Bf1 Rd5 38. c6 Rc5 39. Bg2 a5 40. Ra1 Rxe5
41. c7 Rc5 42. Rxa5 Rxc7 43. h4 Kg7 44. Kf2 Nd1+ 45. Ke1 Ne3 46. Be4 Rc3 47. Kf2
Ng4+ 48. Kg2 f5 49. Bf3 Rc2+ 50. Kg1 h5 51. Ra6 Kf6 52. Bd5 Rc1+ 0-1

[Event "St.Petersburg Rapid 2014"]
[Site "St Petersburg RUS"]
[Date "2014.08.30"]
[Round "4.7"]
[White "Khairullin, Ildar"]
[Black "Smirnov, Artem"]
[Result "1-0"]
[WhiteTitle "GM"]
[BlackTitle "IM"]
[WhiteElo "2638"]
[BlackElo "2462"]
[WhiteFideId "4151348"]
[BlackFideId "4143256"]
[EventDate "2014.08.30"]

1. Nf3 Nf6 2. g3 b5 3. Bg2 Bb7 4. d3 e6 5. O-O Be7 6. c4 bxc4 7. dxc4 O-O 8. Nc3
a5 9. Qc2 Na6 10. e4 d6 11. Rd1 Qc8 12. Nd4 Nd7 13. b3 Re8 14. Rb1 g6 15. Be3 c6
16. Qd2 e5 17. Nf3 Nf8 18. Na4 Qg4 19. h3 Qe6 20. Nb6 Rab8 21. Qxa5 f5 22. Qd2
Nc7 23. c5 dxc5 24. Nc4 Rbd8 25. Qa5 fxe4 26. Qxc7 exf3 27. Bxf3 Ba8 28. Bg4 Qf6
29. Qxe5 Qxe5 30. Nxe5 Bf6 31. Nd3 h5 32. Bf3 Bd4 33. Nxc5 Bxe3 34. Rxd8 Bxf2+
35. Kxf2 Rxd8 36. Rd1 Rxd1 37. Bxd1 Kf7 38. Bc2 Kf6 39. h4 Ke5 40. Ke3 Kd5 41.
Nd3 c5 42. Nf4+ Kd6 43. Bxg6 Nxg6 44. Nxg6 Bc6 45. Kf4 Be8 46. Kg5 Kd5 47. Kxh5
Kd4 48. Kg5 Kd5 1-0

[Event "St.Petersburg Rapid 2014"]
[Site "St Petersburg RUS"]
[Date "2014.08.30"]
[Round "4.8"]
[White "Dreev, Aleksey"]
[Black "Alekseenko, Kirill"]
[Result "1/2-1/2"]
[WhiteTitle "GM"]
[BlackTitle "FM"]
[WhiteElo "2662"]
[BlackElo "2480"]
[WhiteFideId "4100107"]
[BlackFideId "4135539"]
[EventDate "2014.08.30"]

1. d4 d5 2. c4 dxc4 3. e4 Nf6 4. e5 Nd5 5. Bxc4 Nb6 6. Bd3 Nc6 7. Be3 Nb4 8. Be4
f5 9. a3 N4d5 10. Bxd5 Nxd5 11. Nc3 Be6 12. Nge2 c6 13. h4 Nxc3 14. bxc3 Bc4 15.
Nf4 Qa5 16. f3 e6 17. Kf2 Be7 18. Qc2 O-O 19. h5 c5 20. Rhd1 cxd4 21. cxd4 Rac8
22. Qb2 Bd5 23. Bd2 Qa4 24. Nxd5 exd5 25. Rdc1 Rxc1 26. Rxc1 Bxa3 27. Ra1 Bxb2
28. Rxa4 Rc8 29. Rb4 Ba1 30. Ra4 Bb2 31. Rb4 Ba1 32. Kg3 b6 33. Ra4 Bb2 34. Rxa7
Bxd4 35. Bf4 Rd8 36. e6 Re8 37. Rd7 Bc5 38. Rxd5 g6 39. Bd6 Rxe6 40. Bxc5 bxc5
41. Rxc5 Kg7 42. Rc7+ Kh6 43. hxg6 hxg6 1/2-1/2

[Event "St.Petersburg Rapid 2014"]
[Site "St Petersburg RUS"]
[Date "2014.08.30"]
[Round "4.9"]
[White "Rublevsky, Sergei"]
[Black "Matinian, Nikita"]
[Result "1-0"]
[WhiteTitle "GM"]
[BlackTitle "IM"]
[WhiteElo "2698"]
[BlackElo "2469"]
[WhiteFideId "4115309"]
[BlackFideId "24129100"]
[EventDate "2014.08.30"]

1. e4 c5 2. Nf3 d6 3. Bb5+ Bd7 4. Bxd7+ Qxd7 5. c4 Nc6 6. Nc3 g6 7. d4 cxd4 8.
Nxd4 Bg7 9. Nde2 Nf6 10. O-O O-O 11. f3 e6 12. Bg5 a6 13. a4 Qc7 14. Kh1 Nd7 15.
Rb1 Nde5 16. b3 f6 17. Bh4 f5 18. Qd2 h6 19. exf5 gxf5 20. Nf4 Rfe8 21. Nh5 Ng6
22. Bf6 Bf8 23. Bd4 Nxd4 24. Nf6+ Kf7 25. Qxd4 Red8 26. Nfd5 e5 27. Qd3 Qd7 28.
Nb6 Nf4 29. Qc2 Qe6 30. Nxa8 Rxa8 31. Nd5 Nxd5 32. cxd5 Qd7 33. Rbc1 Be7 34. Qc7
Ke8 35. Rfe1 Bd8 36. Qc4 Kf7 37. f4 e4 38. g4 Bh4 39. Re2 Re8 40. Qc7 Qxc7 41.
Rxc7+ Kg6 42. gxf5+ Kxf5 43. Rf7+ Bf6 44. Rd7 Be7 45. Rxb7 Kxf4 46. Kg2 Rg8+ 47.
Kf1 Bd8 48. Rf7+ Ke5 49. Rg2 Re8 50. Rg6 Kxd5 51. Rxh6 Re5 52. b4 Bg5 53. Rg6
Be3 54. Rff6 Kc4 55. Rxd6 Kxb4 56. Rde6 Rf5+ 57. Ke2 Bd4 58. Rxe4 Kc5 59. Rg2
Kd5 60. Reg4 Kc4 61. h4 Ra5 62. Kd1 Kd3 63. Rd2+ 1-0

[Event "St.Petersburg Rapid 2014"]
[Site "St Petersburg RUS"]
[Date "2014.08.30"]
[Round "4.10"]
[White "Lysyj, Igor"]
[Black "Khusenkhojaev, Muhammad"]
[Result "1-0"]
[WhiteTitle "GM"]
[BlackTitle "IM"]
[WhiteElo "2683"]
[BlackElo "2410"]
[WhiteFideId "4150120"]
[BlackFideId "14700247"]
[EventDate "2014.08.30"]

1. d4 Nf6 2. c4 g6 3. Nc3 d5 4. Bf4 Bg7 5. e3 c5 6. dxc5 Qa5 7. Rc1 dxc4 8. Bxc4
O-O 9. Ne2 Qxc5 10. Qb3 Qa5 11. O-O Nc6 12. h3 a6 13. Rfd1 b5 14. Bd5 Bb7 15.
Bf3 Qb6 16. Na4 1-0